|
|
|
|
| LEADER |
00000nam a22000007a 4500 |
| 005 |
2016093001181.0 |
| 007 |
cr|||| ||u| |
| 008 |
160930s2016 Mx |||||o|||| 001 0 Spa d |
| 020 |
|
|
|a 978-607-440-877-5
|
| 035 |
|
|
|a 14302
|
| 040 |
|
|
|a vLex
|
| 090 |
|
|
|c 6252
|d 6252
|
| 100 |
1 |
|
|a Přez Chavez, Još
|
| 245 |
1 |
|
|a Gua̕ prc̀tica de IVA 2016
|h [Recurso electrn̤ico] /
|c Jos ̌Přez Chavez, Raymundo Fol Olguin.
|
| 256 |
|
|
|a Servicio en ln̕ea
|
| 260 |
|
|
|a Mx̌ico:
|b Tax Editores,
|c 2016.
|
| 300 |
|
|
|a 1 Recurso electrn̤ico
|
| 506 |
1 |
|
|a Disponible solo en productos.
|d vLex Global
|d vLex Global (Academic Edition, excluding Law Schools)
|d vLex Global (U.S. Academic Edition, Law Schools)
|d vLex Global (U.S. Academic Edition, excluding Law Schools)
|d vLex Global (Academic Edition, Law Schools)
|
| 650 |
0 |
4 |
|a Impuesto sobre el valor aądido
|z Mx̌ico
|
| 650 |
0 |
4 |
|a Finanzas
|z Mx̌ico
|
| 650 |
0 |
4 |
|a Derecho fiscal
|z Mx̌ico
|
| 700 |
1 |
|
|a Fol Olguin, Raymundo
|
| 740 |
0 |
|
|a vLex libros (servicio en ln̕ea)
|
| 856 |
4 |
0 |
|z Acceso restringido
|u http://vlex.com/source/guia-practica-de-iva-2016-14302
|
| 942 |
|
|
|c BOOK
|
| 999 |
0 |
|
|a Taxation-law and legislation
|
| 999 |
0 |
|
|a Finances
|